El desarrollo argentino (Registro nro. 6738)

Detalles MARC
000 -LEADER
fixed length control field 01018 a2200217 4500
001 - CONTROL NUMBER
control field 59560
005 - DATE AND TIME OF LATEST TRANSACTION
control field 20260407155849.0
008 - FIXED-LENGTH DATA ELEMENTS--GENERAL INFORMATION
fixed length control field 260407a1974 arg spa d
003 - CONTROL NUMBER IDENTIFIER
control field AR-UNSa-BCEJYS
040 ## - CATALOGING SOURCE
Original cataloging agency AR-UNSa-BCEJYS
Language of cataloging spa
Transcribing agency AR-UNSa-BCEJYS
080 ## - UNIVERSAL DECIMAL CLASSIFICATION NUMBER
Universal Decimal Classification number 330.34
Common auxiliary subdivision Desarrollo Económico
041 ## - LANGUAGE CODE
Language code of text/sound track or separate title spa
100 1# - MAIN ENTRY--PERSONAL NAME
Personal name Daus, Federico A.
245 10 - TITLE STATEMENT
Title El desarrollo argentino
Name of part/section of a work Visión retrospectiva. Apreciación cultural. Programa de futuro
250 ## - EDITION STATEMENT
Edition statement 3a. ed.
264 #1 - PRODUCTION, PUBLICATION, DISTRIBUTION, MANUFACTURE, AND COPYRIGHT NOTICE
Place of production, publication, distribution, manufacture México :
Name of producer, publisher, distributor, manufacturer El Ateneo
Date of production, publication, distribution, manufacture, or copyright notice 1974
300 ## - PHYSICAL DESCRIPTION
Extent 117 p.
Dimensions 20 cm.
505 ## - FORMATTED CONTENTS NOTE
Formatted contents note 1. Nota preliminar - 2. El ciclo de la sociedad tradicional y el despegue en la teoría del desarrollo – 3. El proceso argentino de desarrollo – 4. Desborde de la teoría agroportuaria y despegue hacia el desarrollo – 5. Ubicación de la argentina en el contexto mundial del desarrollo – 6. El programa – 7. El programa de los cinturones y la alternativas estratégicas del crecimiento -
590 ## - LOCAL NOTE (RLIN)
Local note niveau_biblio:m niveau_hierar:0
942 ## - ADDED ENTRY ELEMENTS (KOHA)
Koha item type
Existencias
Withdrawn status Lost status Damaged status Not for loan Home library Current library Shelving location Date acquired Total checkouts Full call number Barcode Date last seen Price effective from Koha item type
        Biblioteca Prof. Eusebio Cleto del Rey Biblioteca Prof. Eusebio Cleto del Rey   07/04/2026   330.34 D244 3ed. L25307 07/04/2026 07/04/2026 Libro